Fr. Conceicao Rodrigues College of Engineering

Authenticity:What Consumers really want (Record no. 25647)

MARC details
000 -LEADER
fixed length control field 00380nam a2200157Ia 4500
082 ## - DEWEY DECIMAL CLASSIFICATION NUMBER
Classification number 658.8343/GIL
Item number GIL
100 ## - MAIN ENTRY--PERSONAL NAME
Personal name Gilmore/James H/ Pine/Joseph
245 ## - TITLE STATEMENT
Title Authenticity:What Consumers really want
260 ## - PUBLICATION, DISTRIBUTION, ETC.
Name of publisher, distributor, etc. Harward Business School Press
Place of publication, distribution, etc. Mumbai
Date of publication, distribution, etc. 2007
366 ## - TRADE AVAILABILITY INFORMATION
Publishers's discount category 10
300 ## - PHYSICAL DESCRIPTION
Extent 299
546 ## - LANGUAGE NOTE
Language note ENGLISH
654 ## - SUBJECT ADDED ENTRY--FACETED TOPICAL TERMS
Focus term authenticity
942 ## - ADDED ENTRY ELEMENTS (KOHA)
Koha item type Reference Book
Holdings
Withdrawn status Lost status Damaged status Not for loan Collection Home library Current library Date acquired Source of acquisition Cost, normal purchase price Inventory number Total Checkouts Full call number Barcode Date last seen Cost, replacement price Price effective from Koha item type
        CRC Fr. Agnel's C.Rodrigues College of Engineering Fr. Agnel's C.Rodrigues College of Engineering 17/03/2023 Chemtech Books Pvt.Ltd. 1113.82 8172 dt 30/01/2008   658.8343/GIL GIL 18280 17/03/2023 1123.82   Reference Book